Hindu Shrines of Chotanagpur (Record no. 12841)

MARC details
000 -LEADER
fixed length control field 00629nam a2200241 a 4500
020 ## - INTERNATIONAL STANDARD BOOK NUMBER
ISBN
082 00 - DEWEY DECIMAL CLASSIFICATION NUMBER
Classification number 294.535
Author Cutter SAH
100 ## - MAIN ENTRY--AUTHOR NAME
Author name Sahay, K N
245 ## - TITLE STATEMENT
Title Hindu Shrines of Chotanagpur
Sub title Case Study of Tanginath
260 ## - PUBLICATION, DISTRIBUTION, ETC. (IMPRINT)
Place of publication Shimla
Name of publisher Indian Institute of Advanced Study
Year of publication 1975
300 ## - PHYSICAL DESCRIPTION
Number of Pages 101p
500 ## - GENERAL NOTE
General note includes index and biblioraphy
505 2# - FORMATTED CONTENTS NOTE
Formatted contents note Bibliography
650 ## - SUBJECT ADDED ENTRY--TOPICAL TERM
Topical Term Hindu Shrines-Chota Nagpur
942 ## - ADDED ENTRY ELEMENTS (KOHA)
Koha item type Books
700 1# -
-- Sahay, K N
Holdings
Collection code Home library Current library Date acquired Cost, normal purchase price Full call number Accession Number Koha item type
  Henry Martyn Institute Library Henry Martyn Institute Library 07/31/2007 22.50 294.535 SAH 019115 Books
                   Copyright © 2026 | Henry Martyn Institute | Hyderabad | TS-500052 | INDIA | Implemented by hmi.edu.in
Hit-Count:

Powered by Koha